| 000 | 00421nam a2200181Ia 4500 | ||
|---|---|---|---|
| 005 | 20250423100212.0 | ||
| 008 | 250422s9999 xx 000 0 und d | ||
| 020 | _a0-408-00580-7 | ||
| 050 | _aQA 76.5 .W586/ | ||
| 100 | _aWood, Alec | ||
| 245 | 0 | _aMicroprocessors your questions answered | |
| 260 | _aKent | ||
| 260 | _bButterworths&Co.Ltd. | ||
| 260 | _c1982 | ||
| 300 | _a155 p | ||
| 650 | _aEE | ||
| 942 | _cBK | ||
| 999 |
_c32589 _d32589 |
||